Στάσεις και αντιλήψεις για εναλλακτικά σενάρια διαχείρισης πλημμυρικών φαινομένων : η περίπτωση της πόλης των Χανίων

Αποθηκεύτηκε σε:
Λεπτομέρειες βιβλιογραφικής εγγραφής
Κύριος συγγραφέας: Στάθη, Γιάννα
Συγγραφή απο Οργανισμό/Αρχή: Πανεπιστήμιο Αιγαίου Σχολή Περιβάλλοντος Τμήμα Περιβάλλοντος Πρόγραμμα Μεταπτυχιακών Σπουδών Γεωργία και Περιβάλλον
Άλλοι συγγραφείς: Τζόουνς, Νικολέτα (Εισηγητής διατριβής), Δημητρακόπουλος, Παναγιώτης Γ. (Εισηγητής διατριβής)
Μορφή: Thesis Βιβλίο
Γλώσσα:Greek
Δημοσίευση: 2011
Θέματα:
Διαθέσιμο Online:http://hdl.handle.net/11610/15399
Ετικέτες: Προσθήκη ετικέτας
Δεν υπάρχουν, Καταχωρήστε ετικέτα πρώτοι!

MARC

LEADER 00000cam a2200000 i 4500
001 1/19036
008 120427s2011 gre d
035 |l 10112285 
040 |a GR-MY-UA  |b gre  |e aacr 
041 0 |a gre 
082 0 |a 363  |2 (22) 
100 1 |a Στάθη, Γιάννα. 
245 1 0 |a Στάσεις και αντιλήψεις για εναλλακτικά σενάρια διαχείρισης πλημμυρικών φαινομένων :  |b η περίπτωση της πόλης των Χανίων /  |c Στάθη Γιάννα ; υπεύθυνος καθηγητής: Δημητρακόπουλος Παναγιώτης, συνεπιβλέπουσα: Νικολέτα Τζόουνς 
260 |c 2011 
300 |a 70 σ.;  |b πιν.;  |c 30 εκ. 
500 |a Βιβλιογραφία: σ. 58-66 
502 |a Διατριβή (μεταπτυχιακή) – Πανεπιστήμιο Αιγαίου, Λέσβος, 2011. 
650 0 0 |a Environmental protection  |x Citizen participation. 
650 0 0 |a Environmental protection  |x Public opinion. 
650 0 0 |a Environmental protection  |x Social aspects. 
650 0 0 |a Flood damage. 
650 0 |a Flood damage prevention  |z Greece  |z Chania. 
650 0 |a Floods  |z Greece  |z Chania. 
650 0 0 |a Dissertations, Academic  |z Greece. 
700 1 |a Τζόουνς, Νικολέτα.  |4 ths 
700 1 |4 ths  |a Δημητρακόπουλος, Παναγιώτης Γ. 
710 2 |a Πανεπιστήμιο Αιγαίου  |b Σχολή Περιβάλλοντος  |b Τμήμα Περιβάλλοντος  |b Πρόγραμμα Μεταπτυχιακών Σπουδών Γεωργία και Περιβάλλον. 
852 |a INST  |b LESVOS  |c DIATR  |e 20120427  |h 437  |p 005100050455  |q 005100050455  |t MTXE  |y 23 
852 |a INST  |b LESVOS  |c DIATR  |e 20120427  |h 438  |p 005100050454  |q 005100050454  |t MTXE  |y 23 
856 |u http://hdl.handle.net/11610/15399 
901 |a BIBL1-2012-1 
909 |a Λ  |b 173511 
909 |a Λ  |b 173512 
924 |a ΣΤΑΘΗ  |b ΓΙΑΝΝΑ  |y ΛΕΣΒΟΣ  |z 2011-12 
970 |a ΤΖΑΦΕΡΗ  |b ΕΥΑΓΓΕΛΙΑ  |z 2012/04/27